<?xml version="1.0" encoding="UTF-8"?>
<record
    xmlns:xsi="http://www.w3.org/2001/XMLSchema-instance"
    xsi:schemaLocation="http://www.loc.gov/MARC21/slim http://www.loc.gov/standards/marcxml/schema/MARC21slim.xsd"
    xmlns="http://www.loc.gov/MARC21/slim">

  <leader>01748nam a2200253 a 4500</leader>
  <controlfield tag="005">20200104041553.0</controlfield>
  <controlfield tag="008">130808b2005    ck ||||| |||| 00| 0 spa d</controlfield>
  <datafield tag="040" ind1=" " ind2=" ">
    <subfield code="c">CO-BoIH</subfield>
  </datafield>
  <datafield tag="041" ind1=" " ind2=" ">
    <subfield code="a">spa</subfield>
  </datafield>
  <datafield tag="090" ind1=" " ind2=" ">
    <subfield code="a">IAVH</subfield>
    <subfield code="b">00437</subfield>
  </datafield>
  <datafield tag="100" ind1=" " ind2=" ">
    <subfield code="a">Borda Almanza, Carlos Andr&#xE9;s</subfield>
    <subfield code="9">1317</subfield>
  </datafield>
  <datafield tag="245" ind1=" " ind2=" ">
    <subfield code="a">Metodolog&#xED;a para la ordenaci&#xF3;n de la Cuenca del R&#xED;o Cane-Iguaque</subfield>
    <subfield code="b">fase diagn&#xF3;stica</subfield>
    <subfield code="c">Carlos Andr&#xE9;s, Borda Almanza</subfield>
  </datafield>
  <datafield tag="260" ind1=" " ind2=" ">
    <subfield code="a">Bogot&#xE1;</subfield>
    <subfield code="b">Instituto Alexander von Humboldt</subfield>
    <subfield code="c">2005</subfield>
  </datafield>
  <datafield tag="300" ind1=" " ind2=" ">
    <subfield code="a">73 p.</subfield>
  </datafield>
  <datafield tag="500" ind1=" " ind2=" ">
    <subfield code="a">En el marco del plan de ordenaci&#xF3;n de la Cuenca del Rio Cane-Iguaque</subfield>
  </datafield>
  <datafield tag="520" ind1=" " ind2=" ">
    <subfield code="a">El principal objetivo del ordenamiento de la cuenca es planificar el uso y manejo sostenible de los recursos naturales renovables y la conservaci&#xF3;n de la estructura f&#xED;sico-bi&#xF3;tica de la cuenca y de sus recursos h&#xED;dricos, en particular. El ordenamiento y manejo de cuencas se entiende como un proceso de planeaci&#xF3;n, el cual debe contener cinco fases: 1) diagn&#xF3;stico, 2) prospectiva, 3) formulaci&#xF3;n, 4) ejecuci&#xF3;n, 5) seguimiento y evaluaci&#xF3;n. Con base en esta metodolog&#xED;a se dise&#xF1;an varias actividades, como: Estrategia de comunicaci&#xF3;n participativa y propuesta de educaci&#xF3;n ambiental. Caracterizaci&#xF3;n de condiciones socioecon&#xF3;micas e institucionales de la cuenca. An&#xE1;lisis del impacto de patrones de uso sobre el estado de la biodiversidad y servicios ambientales. Dise&#xF1;o de incentivos a partir de informaci&#xF3;n recopilada en la fase de diagn&#xF3;stico</subfield>
  </datafield>
  <datafield tag="650" ind1=" " ind2=" ">
    <subfield code="a">Ordenamiento territorial </subfield>
    <subfield code="9">30572</subfield>
  </datafield>
  <datafield tag="650" ind1=" " ind2=" ">
    <subfield code="a">Educaci&#xF3;n ambiental </subfield>
    <subfield code="9">162</subfield>
  </datafield>
  <datafield tag="650" ind1=" " ind2=" ">
    <subfield code="a">Caracterizaci&#xF3;n socioecon&#xF3;mica </subfield>
    <subfield code="9">1318</subfield>
  </datafield>
  <datafield tag="650" ind1=" " ind2=" ">
    <subfield code="a">Impacto de patrones de uso </subfield>
    <subfield code="9">1319</subfield>
  </datafield>
  <datafield tag="650" ind1=" " ind2=" ">
    <subfield code="a">Incentivos de conservaci&#xF3;n</subfield>
    <subfield code="9">1320</subfield>
  </datafield>
  <datafield tag="942" ind1=" " ind2=" ">
    <subfield code="2">z</subfield>
    <subfield code="c">INFORME</subfield>
  </datafield>
  <datafield tag="945" ind1=" " ind2=" ">
    <subfield code="d">2005-11-11</subfield>
  </datafield>
  <datafield tag="999" ind1=" " ind2=" ">
    <subfield code="c">4804</subfield>
    <subfield code="d">4804</subfield>
  </datafield>
  <datafield tag="952" ind1=" " ind2=" ">
    <subfield code="0">0</subfield>
    <subfield code="1">0</subfield>
    <subfield code="2">z</subfield>
    <subfield code="4">0</subfield>
    <subfield code="7">0</subfield>
    <subfield code="8">HUMBOLDT</subfield>
    <subfield code="I">INV2017</subfield>
    <subfield code="a">Bogota</subfield>
    <subfield code="b">Bogota</subfield>
    <subfield code="d">2005-11-11</subfield>
    <subfield code="e">CID Humboldt</subfield>
    <subfield code="l">0</subfield>
    <subfield code="o">IAVH-00437</subfield>
    <subfield code="p">022231</subfield>
    <subfield code="r">2024-08-09 00:00:00</subfield>
    <subfield code="t">Ej. 1</subfield>
    <subfield code="w">2012-12-04</subfield>
    <subfield code="x">Dep&#xF3;sito Institucional</subfield>
    <subfield code="y">INFORME</subfield>
  </datafield>
</record>
